000 00500cam a2200169 i 4500
005 20251207121929.0
008 250721s2000 sy gr 000 0 ara d
082 1 4 _a214.6
_bك ر د
100 1 _aالكردي، عماد
_eمؤلف.
245 1 2 _aالإنسان والرزق /
_cعمار الكردي.
264 3 1 _aدمشق :
_bدار المعرفة،
_c2000.
300 _a169 صفحه.
650 1 7 _aالإيمان.
650 1 7 _aالرزق.
942 _2ddc
_cBK
999 _c26814
_d26814